Elementos de laboreo de minas (Record no. 53498)

MARC details
000 -LEADER
campo de control de longitud fija 00751nam a2200193 i 4500
001 - NÚMERO DE CONTROL
campo de control 53498
003 - IDENTIFICADOR DE NÚMERO DE CONTROL
campo de control ES-MaACL
005 - FECHA Y HORA DE LA ÚLTIMA TRANSACCIÓN
campo de control 20251001063036.0
007 - CAMPO FIJO DE DESCRIPCIÓN FÍSICA--INFORMACIÓN GENERAL
campo de control de longitud fija t|
008 - DATOS DE LONGITUD FIJA--INFORMACIÓN GENERAL
campo de control de longitud fija 950929s1851 sp a |||| | spa d
100 1# - ENTRADA PRINCIPAL--NOMBRE DE PERSONA
Nombre de persona Ezquerra del Bayo, Joaquín,
Fechas asociadas al nombre 1793-1859
9 (RLIN) 48476
245 10 - MENCIÓN DEL TÍTULO
Título Elementos de laboreo de minas
Resto del título : precedidos de algunas nociones sobre geognesia y la descripción de varios criaderos de minerales, tanto de España como de Europa /
Mención de responsabilidad, etc. por Joaquín Ezquerra del Bayo.
250 ## - MENCION DE EDICION
Mención de edición 2ª ed.
260 ## - PUBLICACIÓN, DISTRIBUCIÓN, ETC.
Lugar de publicación, distribución, etc. Madrid :
Nombre del editor, distribuidor, etc. Salvador Albert,
Fecha de publicación, distribución, etc. 1851 (
Fabricante Viuda de Antonio Yenes)
300 ## - DESCRIPCIÓN FÍSICA
Extensión 581 p., [1] h. pleg., [19] h. de lám. pleg. ;
Dimensiones 22 cm.
650 04 - PUNTO DE ACCESO ADICIONAL DE MATERIA--TÉRMINO DE MATERIA
Término de materia o nombre geográfico como elemento de entrada Minería.
9 (RLIN) 15054
852 ## - LOCALIZACIÓN
Ubicación ES-MaACL
Número de control de estantería B-7979
Holdings
Estatus retirado Estado de pérdida Estado de daño No para préstamo Colección Biblioteca de origen Biblioteca actual Ubicación en estantería Fecha de adquisición Fuente de adquisición Total de préstamos Signatura topográfica completa Código de barras Visto por última vez Precio de reemplazo Tipo de ítem Koha
        Libros del s. XIX Biblioteca del Ateneo de Madrid Biblioteca del Ateneo de Madrid Sala Pardo Bazán 17/01/2008     B-7979 1056214 23/02/2023 23/02/2023 Libro impreso antiguo